| 000 | 00455nam a2200145 a 4500 | ||
|---|---|---|---|
| 005 | 20140412111240.0 | ||
| 008 | 001220s19uu xx 00 eng d | ||
| 020 | _a0-395-44237-0 | ||
| 050 |
_aTR(PS E _bGi348 |
||
| 100 | _aLord, John Vernon | ||
| 245 |
_aGiant jam sandwich (The) / _cstory and pictures by John Vernon Lord with Verses by Janet Burroway. |
||
| 260 |
_a[s.l.] : _bHoughton Mifflin Comp, _c1972. |
||
| 300 | _a32 p. ; ill. | ||
| 999 |
_c102652 _d102652 |
||